000 00721nam a2200289Ia 4500
005 20260324122325.0
008 008 260324s9999 xx 000 0 eng d
020 _a9780203110621
037 _aEBOOK
040 _aCRL
040 _beng
040 _cCRL
041 _2eng
041 _aeng
084 _qCRL
100 _aJudith Rowbotham; Marianna Muravyeva; David Nash
_91166011
245 0 _aShame, Blame, and Culpability
245 0 _bCrime and violence in the modern state
260 _bTaylor and Francis
260 _c2013
365 _a
365 _b265
856 _uhttp://www.taylorfrancis.com/books/9780203110621
942 _cEBOOK
999 _c1758649
_d1758649